History Quiz

Random History or War Quiz

Notable American Soldiers, Sailors, Marines, and Airmen Quiz Stats

 Plays Quiz Updated Apr 1, 2016

Challenge
Share
Tweet
Embed
Score 0/16 Timer 05:00
1 Play Today
% Correct
Cpl. Pat Tillman
84.5%
Capt. Francis Gary Powers
67.3%
PFC Jessica Lynch
63.6%
Capt. Eddie Rickenbacker
63.5%
1st Lt. Audie Murphy
63.2%
Sgt. Ron Kovic
62.2%
Sgt. Alvin York
54.5%
Maj. Richard Winters
52.9%
% Correct
Col. Gregory 'Pappy' Boyington
50.7%
Cpl. Ira Hayes
46.9%
PO1 Marcus Luttrell
43.9%
MCPO Carl Brashear
41.1%
GySgt John Basilone
36.4%
PO3 Dorie Miller
34.4%
GySgt Carlos Hathcock
33.1%
MSG Gary Gordon
29.1%

You're not logged in!

Compare scores with friends on all Sporcle quizzes.
OR
Log In

You Might Also Like...

Show Comments

Extras

Top Quizzes Today


Score Distribution

Your Account Isn't Verified!

In order to create a playlist on Sporcle, you need to verify the email address you used during registration. Go to your Sporcle Settings to finish the process.

Report this User

Report this user for behavior that violates our Community Guidelines.

Details: